Meilleurs passeurs NBA en carrière - Statistiques

Statistiques générales
  • Ce quiz a été pris 372 fois
    22 depuis la dernière actualisation
  • Le résultat moyen est 20 sur 50
Statistiques - réponses
Hint Réponse % Correct
5846 Avery Johnson
100%
6711 Kevin Johnson
100%
10141^ Magic Johnson
100%
15806^ John Stockton
95%
11904* Lebron James
90%
12091^ Jason Kidd
80%
6238^ Jerry West
80%
10333* Russell Westbrook
80%
6306^ Kobe Bryant
75%
6729* Stephen Curry
75%
10335^ Steve Nash
75%
7036^ Tony Parker
75%
12555 Chris Paul
70%
5695^ Larry Bird
70%
8775* James Harden
65%
5929* Nikola Jokic
65%
6135^ Scottie Pippen
50%
8966^ Gary Payton
45%
9061^ Isiah Thomas
45%
9887^ Oscar Robertson
45%
8524 Andre Miller
40%
7584 Rajon Rondo
40%
6069* Damian Lillard
35%
6819 Deron Williams
35%
5701^ Dwyane Wade
35%
6955^ Bob Cousy
30%
7108* Kyle Lowry
25%
7095^ Tim Hardaway
25%
6125^ Clyde Drexler
20%
6114^ John Havlicek
20%
7211^ Lenny Wilkens
20%
10334 Mark Jackson
20%
6751* Mike Conley
20%
6726 Muggsy Bogues
20%
5735 John Wall
15%
7160 Terry Porter
15%
6025 Baron Davis
10%
6577 Derek Harper
10%
6679* Jrue Holiday
10%
7392^ Maurice Cheeks
10%
6476^ Nate Archibald
10%
7987 Rod Strickland
10%
6471 Stephon Marbury
10%
6917^ Guy Rodgers
5%
6454 John Lucas
5%
5972 Mookie Blaylock
5%
5777 Nick Van Exel
5%
6386 Norm Nixon
0%
6453 Reggie Theus
0%
5939 Sam Cassell
0%
Aucun quiz correspondant
Distribution des résultats
% des personnes avec chaque résultat
Percentile par nombre de réponses
Votre historique - résultats
Vous n’avez pas pris ce quiz depuis la dernière actualisation